000
00294nam a22001217a 4500
020
_a
07-062938-2
082
_a
690 TAY'M
100
_a
TAYLOR, JOHN R
_9
78568
245
_a
MODEL BUILDING FOR ARCHITECTURE AND ENGINEERS
260
_a
NEWYORK
_b
MCGRAW HILL
_c
1971
300
_a
152P
942
_c
BK
999
_c
583679
_d
583679